[Event "Vojvodina-chT 2nd League"]
[Site "Novi Sad"]
[Date "2018.11.11"]
[Round "3.1"]
[White "Ivic, Matija"]
[Black "Stanojevic, Branko"]
[Result "1-0"]
[WhiteElo "2291"]
[BlackElo "2180"]
[PlyCount "57"]
[EventDate "2018.11.09"]
[EventType "team-tourn"]
[EventRounds "11"]
[EventCountry "SRB"]
[SourceTitle "CBM 187 Extra"]
[Source "ChessBase"]
[SourceDate "2018.11.04"]
[SourceVersion "1"]
[SourceVersionDate "2018.11.04"]
[SourceQuality "1"]
[WhiteTeam "Backa Pacir"]
[BlackTeam "Stara Pazova"]
[WhiteTeamCountry "SRB"]
[BlackTeamCountry "SRB"]

1. c4 Nf6 2. g3 g6 3. Bg2 Bg7 4. Nf3 d6 5. 0-0 0-0 6. Nc3 Nbd7 7. d4 c5 8. d5 a6 9. a4 Ng4 10. h3 Ngf6 11. e4 Qc7 12. Ne1 e6 13. f4 exd5 14. cxd5 c4 15. Qe2 Re8 16. Be3 Rb8 17. Nc2 Nc5 18. Qxc4 Nfxe4 19. Nxe4 b5 20. axb5 axb5 21. Qb4 Nxe4 22. Bxe4 Qc4 23. Rfe1 Rxe4 24. Qxd6 Rb7 25. Qd8+ Bf8 26. Ra8 Rc7 27. d6 Qc6 28. dxc7 Qxa8 29. Bc5 1-0

[Event "Vojvodina-chT 2nd League"]
[Site "Novi Sad"]
[Date "2018.11.11"]
[Round "4.4"]
[White "Stanojevic, Branko"]
[Black "Mikheev, Stanislav Valerievi"]
[Result "1-0"]
[WhiteElo "2180"]
[BlackElo "2307"]
[PlyCount "80"]
[EventDate "2018.11.09"]
[EventType "team-tourn"]
[EventRounds "11"]
[EventCountry "SRB"]
[SourceTitle "CBM 187 Extra"]
[Source "ChessBase"]
[SourceDate "2018.11.04"]
[SourceVersion "1"]
[SourceVersionDate "2018.11.04"]
[SourceQuality "1"]
[WhiteTeam "Stara Pazova"]
[BlackTeam "Novi Sad Vojvodina"]
[WhiteTeamCountry "SRB"]
[BlackTeamCountry "SRB"]

1. d4 Nf6 2. Nf3 c5 3. e3 b6 4. Bd3 Bb7 5. Nbd2 g6 6. 0-0 Bg7 7. c3 0-0 8. Qe2 d6 9. Re1 Nbd7 10. Ba6 Qc8 11. Bxb7 Qxb7 12. e4 cxd4 13. cxd4 e6 14. b3 Rfc8 15. Ba3 Ne8 16. Rac1 b5 17. e5 dxe5 18. dxe5 Qd5 19. Bb2 Bh6 20. Rxc8 Rxc8 21. Ne4 a6 22. Rd1 Qb7 23. h4 Nb6 24. Nd6 Nxd6 25. exd6 Nd7 26. h5 Rc5 27. Ne5 Qc8 28. hxg6 hxg6 29. Nxg6 Kh7 30. Ne7 Qb7 31. Rd3 Rg5 32. Rf3 f6 33. Bc1 Re5 34. Be3 Kg7 35. Bxh6+ Kxh6 36. Qd2+ Rg5 37. Rh3+ Kg7 38. f4 Rg4 39. f5 Nf8 40. Qh6+ Kf7 1-0

[Event "Vojvodina-chT"]
[Site "Novi Sad"]
[Date "2017.11.13"]
[Round "1.3"]
[White "Robulj, Nenad"]
[Black "Stanojevic, Branko"]
[Result "1/2-1/2"]
[WhiteElo "2286"]
[BlackElo "2183"]
[PlyCount "64"]
[EventDate "2017.11.13"]
[EventType "team-tourn"]
[EventRounds "11"]
[EventCountry "SRB"]
[SourceTitle "CBM 181 Extra"]
[Source "ChessBase"]
[SourceDate "2017.12.12"]
[SourceVersion "1"]
[SourceVersionDate "2017.12.12"]
[SourceQuality "1"]
[WhiteTeam "Krajisnik Krajina"]
[BlackTeam "Stara Pazova"]
[WhiteTeamCountry "SRB"]
[BlackTeamCountry "SRB"]

1. e4 e6 2. Nf3 d5 3. Nc3 Nf6 4. e5 Nfd7 5. d4 c5 6. dxc5 Nc6 7. Bf4 Nxc5 8. a3 Be7 9. Bg3 0-0 10. Bd3 f5 11. exf6 gxf6 12. Bh4 f5 13. Bxe7 Qxe7 14. 0-0 Ne4 15. Ne2 e5 16. Bb5 Rd8 17. Nd2 Nf6 18. Re1 Qc5 19. Bxc6 bxc6 20. Nb3 Qb6 21. Ng3 Ng4 22. Qd2 f4 23. Nf1 Re8 24. h3 Nf6 25. Nh2 Ne4 26. Qe2 Ba6 27. Qf3 Re6 28. a4 Qb4 29. Qg4+ Rg6 30. Qh5 Rg5 31. Qh6 Rg6 32. Qh5 Rg5 1/2-1/2

[Event "Palic Karadzic Memorial op"]
[Site "Palic"]
[Date "2017.10.30"]
[Round "4"]
[White "Stanojevic, Branko"]
[Black "Burcu, Cagatay"]
[Result "0-1"]
[WhiteElo "2183"]
[BlackElo "2283"]
[PlyCount "90"]
[EventDate "2017.10.28"]
[EventType "swiss"]
[EventRounds "9"]
[EventCountry "SRB"]
[SourceTitle "CBM 181 Extra"]
[Source "ChessBase"]
[SourceDate "2017.12.12"]
[SourceVersion "1"]
[SourceVersionDate "2017.12.12"]
[SourceQuality "1"]

1. Nf3 c5 2. g3 Nc6 3. Bg2 g6 4. c4 Bg7 5. Nc3 e5 6. 0-0 Nge7 7. Ne1 d6 8. Nc2 Be6 9. Ne3 a6 10. d3 b5 11. Ned5 Rb8 12. Bg5 h6 13. Nxe7 Nxe7 14. Bc6+ Kf8 15. Bxe7+ Qxe7 16. b3 h5 17. cxb5 axb5 18. a4 b4 19. Nd5 Qd8 20. e4 Qc8 21. Bb5 h4 22. Ne3 f5 23. Qf3 f4 24. gxf4 exf4 25. Qxf4+ Ke7 26. Nd5+ Bxd5 27. exd5 Be5 28. Rfe1 Rh5 29. Rxe5+ Rxe5 30. Qxh4+ Kf7 31. Qh7+ Kf6 32. Bd7 Qb7 33. Qh3 Qxd5 34. Bg4 Qd4 35. Rf1 Kg7 36. Qg3 Rf8 37. h3 Rf4 38. Kg2 Rg5 39. f3 Re5 40. Rf2 d5 41. Qh4 c4 42. Qd8 cxb3 43. Qc7+ Rf7 44. Qc1 Qc3 45. Qb1 Re1 0-1

[Event "Palic Karadzic Memorial op"]
[Site "Palic"]
[Date "2017.10.29"]
[Round "2"]
[White "Stanojevic, Branko"]
[Black "Radovanovic, Nikola"]
[Result "0-1"]
[WhiteElo "2183"]
[BlackElo "2412"]
[PlyCount "44"]
[EventDate "2017.10.28"]
[EventType "swiss"]
[EventRounds "9"]
[EventCountry "SRB"]
[SourceTitle "CBM 181 Extra"]
[Source "ChessBase"]
[SourceDate "2017.12.12"]
[SourceVersion "1"]
[SourceVersionDate "2017.12.12"]
[SourceQuality "1"]

1. d4 Nf6 2. c4 g6 3. Nc3 Bg7 4. e4 d6 5. Be2 0-0 6. Bg5 Na6 7. Qd2 c6 8. Nf3 e5 9. 0-0 exd4 10. Nxd4 Nc5 11. f3 Nfxe4 12. Nxe4 Nxe4 13. fxe4 Bxd4+ 14. Kh1 Qb6 15. Rad1 Be5 16. Bf6 Be6 17. h4 Bxf6 18. Rxf6 Qc5 19. Qxd6 Qe3 20. Qd3 Qxd3 21. Bxd3 Rad8 22. Rff1 Bg4 0-1

[Event "Senta op 21st"]
[Site "Senta"]
[Date "2017.07.24"]
[Round "1"]
[White "Soklovacki, Mila"]
[Black "Stanojevic, Branko"]
[Result "1/2-1/2"]
[WhiteElo "1828"]
[BlackElo "2213"]
[PlyCount "68"]
[EventDate "2017.07.24"]
[EventType "swiss"]
[EventRounds "9"]
[EventCountry "SRB"]
[SourceTitle "CBM 179 Extra"]
[Source "ChessBase"]
[SourceDate "2017.08.23"]
[SourceVersion "1"]
[SourceVersionDate "2017.08.23"]
[SourceQuality "1"]

1. e4 e6 2. d4 d5 3. exd5 exd5 4. Nf3 Bb4+ 5. c3 Bd6 6. Bd3 Qe7+ 7. Qe2 Bg4 8. Qxe7+ Nxe7 9. Nbd2 Nd7 10. h3 Bh5 11. 0-0 0-0 12. Nh4 Bg6 13. Nxg6 hxg6 14. Nf3 Rfe8 15. Re1 Nf5 16. Bd2 Kf8 17. Rxe8+ Rxe8 18. Re1 Rxe1+ 19. Bxe1 Bf4 20. Bd2 Bxd2 21. Nxd2 Ke7 22. Kf1 Nd6 23. f3 g5 24. g3 f5 25. Kf2 Nf6 26. g4 f4 27. Nb3 b6 28. Ke2 Nd7 29. Nd2 c5 30. Bc2 a6 31. Bd3 Nb8 32. Bc2 Nb5 33. Nb3 Kd6 34. a4 Nc7 1/2-1/2

[Event "Vojvodina-chT"]
[Site "Kac"]
[Date "2016.11.20"]
[Round "8.2"]
[White "Labus, Vladislav"]
[Black "Stanojevic, Branko"]
[Result "0-1"]
[WhiteElo "2061"]
[BlackElo "2221"]
[PlyCount "78"]
[EventDate "2016.11.15"]
[EventType "team-tourn"]
[EventRounds "11"]
[EventCountry "SRB"]
[SourceTitle "CBM 175 Extra"]
[Source "ChessBase"]
[SourceDate "2016.12.12"]
[SourceVersion "1"]
[SourceVersionDate "2016.12.12"]
[SourceQuality "1"]
[WhiteTeam "Sloga"]
[BlackTeam "Stara Pazova"]
[WhiteTeamCountry "SRB"]
[BlackTeamCountry "SRB"]

1. e4 e6 2. d4 d5 3. e5 Ne7 4. Bd3 b6 5. Ne2 Ba6 6. 0-0 c5 7. c3 Bxd3 8. Qxd3 Nbc6 9. Bg5 Qd7 10. Bd2 h5 11. Na3 h4 12. h3 Nf5 13. Nc2 Be7 14. b3 Rc8 15. Rac1 0-0 16. g4 hxg3 17. Nxg3 cxd4 18. cxd4 Rc7 19. Kh1 Rfc8 20. Nh5 g6 21. Rg1 Kh7 22. Qf3 Nxe5 23. dxe5 Rxc2 24. Rcd1 d4 25. Ng3 Rxa2 26. Qf4 Rcc2 27. Nxf5 Qc6+ 28. Kh2 exf5 29. Qh6+ Kg8 30. Rc1 Bf8 31. Qg5 Qe6 32. Rxc2 Rxc2 33. Re1 a5 34. Qf4 Rxd2 35. Qxd2 Bb4 36. Qe2 d3 37. Qe3 Bxe1 38. Qxe1 Qxb3 39. Qe3 Qd5 0-1

[Event "Vojvodina-chT"]
[Site "Kac"]
[Date "2016.11.20"]
[Round "9.3"]
[White "Omorjan, Dejan"]
[Black "Stanojevic, Branko"]
[Result "0-1"]
[WhiteElo "2235"]
[BlackElo "2221"]
[PlyCount "112"]
[EventDate "2016.11.15"]
[EventType "team-tourn"]
[EventRounds "11"]
[EventCountry "SRB"]
[SourceTitle "CBM 175 Extra"]
[Source "ChessBase"]
[SourceDate "2016.12.12"]
[SourceVersion "1"]
[SourceVersionDate "2016.12.12"]
[SourceQuality "1"]
[WhiteTeam "Vojvodina"]
[BlackTeam "Stara Pazova"]
[WhiteTeamCountry "SRB"]
[BlackTeamCountry "SRB"]

1. Nf3 Nf6 2. d4 e6 3. c4 Bb4+ 4. Bd2 Qe7 5. g3 b6 6. Bg2 Bb7 7. 0-0 Bxd2 8. Qxd2 d6 9. Nc3 Ne4 10. Qc2 Nxc3 11. Qxc3 Nd7 12. b4 a5 13. a3 0-0 14. Rfc1 axb4 15. axb4 c5 16. bxc5 bxc5 17. e3 Rxa1 18. Rxa1 Ra8 19. Rxa8+ Bxa8 20. Qa5 Bxf3 21. Bxf3 Nf6 22. Qa8+ Qf8 23. Qc6 Qe7 24. Qc8+ Qf8 25. Qc7 h5 26. dxc5 dxc5 27. Qe5 Nd7 28. Qc7 Nf6 29. Qe5 Nd7 30. Qxh5 Qd6 31. Bg2 Ne5 32. Bf1 g6 33. Qe2 Qc6 34. f4 Nd7 35. Bg2 Qd6 36. Kf2 f5 37. h3 Nf6 38. g4 e5 39. Bd5+ Nxd5 40. Qd2 Nf6 41. Qxd6 Ne4+ 42. Kf3 Nxd6 43. fxe5 Nxc4 44. gxf5 Nxe5+ 45. Kf4 c4 46. e4 Kg7 47. h4 Kf6 48. fxg6 Kxg6 49. Kxe5 c3 50. h5+ Kxh5 51. Kf6 c2 52. e5 c1Q 53. e6 Qf4+ 54. Kg7 Qg5+ 55. Kf7 Qf5+ 56. Ke7 Kg6 0-1

[Event "Vojvodina-chT"]
[Site "Kac"]
[Date "2016.11.19"]
[Round "6.3"]
[White "Stanojevic, Branko"]
[Black "Banovic, Ivan"]
[Result "1/2-1/2"]
[WhiteElo "2221"]
[BlackElo "2208"]
[PlyCount "123"]
[EventDate "2016.11.15"]
[EventType "team-tourn"]
[EventRounds "11"]
[EventCountry "SRB"]
[SourceTitle "CBM 175 Extra"]
[Source "ChessBase"]
[SourceDate "2016.12.12"]
[SourceVersion "1"]
[SourceVersionDate "2016.12.12"]
[SourceQuality "1"]
[WhiteTeam "Stara Pazova"]
[BlackTeam "Kraljica PTT"]
[WhiteTeamCountry "SRB"]
[BlackTeamCountry "SRB"]

1. c4 g6 2. d4 Bg7 3. Nc3 Nf6 4. e4 d6 5. Be2 0-0 6. Bg5 h6 7. Be3 Nbd7 8. Qd2 Kh7 9. g4 c5 10. dxc5 Nxc5 11. f3 Qa5 12. Rb1 Ne6 13. b4 Qd8 14. h4 a5 15. b5 Nd7 16. Nh3 Nec5 17. h5 g5 18. Nf2 Be5 19. 0-0 e6 20. Bd4 Bf4 21. Be3 Be5 22. Rbd1 Qf6 23. Bd4 Rd8 24. Kg2 b6 25. Nh1 Bb7 26. Qe3 Qf4 27. Qxf4 Bxf4 28. Nf2 Kg8 29. Nd3 Nxd3 30. Bxd3 Nc5 31. Bc2 Be5 32. Rf2 Bxd4 33. Rxd4 Kf8 34. Kg3 Ke7 35. Rd1 e5 36. Rfd2 Rac8 37. Bb3 Rc7 38. Kf2 Rcc8 39. Rc1 Ra8 40. Nd1 Bc8 41. Ne3 Be6 42. Bd1 Ra7 43. Rc3 Rc7 44. Be2 Ra7 45. Bd1 Rc7 46. Rc1 Ra7 47. Be2 Rc7 48. Nd1 Na4 49. Ne3 Nc5 50. Rdc2 Ra7 51. Nd1 Na4 52. Ke3 Rc7 53. Kd2 Rdc8 54. Ne3 Rd8 55. Rb1 Rdc8 56. Bd3 Rd8 57. Rbc1 Rdc8 58. Nd5+ Bxd5 59. exd5 Nc5 60. Bf5 Rg8 61. Re1 Kf6 62. Ke3 1/2-1/2

[Event "Palic Karadzic Memorial op"]
[Site "Palic"]
[Date "2016.11.04"]
[Round "9"]
[White "Slamar, Velimir"]
[Black "Stanojevic, Branko"]
[Result "1/2-1/2"]
[WhiteElo "2134"]
[BlackElo "2221"]
[PlyCount "20"]
[EventDate "2016.10.29"]
[EventType "swiss"]
[EventRounds "9"]
[EventCountry "SRB"]
[SourceTitle "CBM 175 Extra"]
[Source "ChessBase"]
[SourceDate "2016.12.12"]
[SourceVersion "1"]
[SourceVersionDate "2016.12.12"]
[SourceQuality "1"]

1. d4 Nf6 2. c4 c5 3. d5 b5 4. Nf3 g6 5. Qc2 d6 6. e4 Bg7 7. cxb5 0-0 8. Nc3 a6 9. bxa6 Nbd7 10. Be2 Bxa6 1/2-1/2

[Event "Palic Karadzic Memorial op"]
[Site "Palic"]
[Date "2016.11.03"]
[Round "8"]
[White "Stanojevic, Branko"]
[Black "Rajic, Ivan"]
[Result "1-0"]
[WhiteElo "2221"]
[BlackElo "2019"]
[PlyCount "47"]
[EventDate "2016.10.29"]
[EventType "swiss"]
[EventRounds "9"]
[EventCountry "SRB"]
[SourceTitle "CBM 175 Extra"]
[Source "ChessBase"]
[SourceDate "2016.12.12"]
[SourceVersion "1"]
[SourceVersionDate "2016.12.12"]
[SourceQuality "1"]

1. Nf3 Nf6 2. g3 d5 3. Bg2 Bg4 4. h3 Bc8 5. c4 e6 6. 0-0 Bd6 7. d4 c6 8. Qc2 b6 9. Nbd2 0-0 10. e4 dxe4 11. Nxe4 Nxe4 12. Qxe4 Be7 13. Bf4 Bb7 14. Rfd1 Qc8 15. Ne5 Bg5 16. Bxg5 f6 17. Bf4 fxe5 18. dxe5 Na6 19. Rd6 Rd8 20. Rad1 Qc7 21. h4 Nc5 22. Qe2 a5 23. Bh3 Qe7 24. Bg5 1-0

[Event "Palic Karadzic Memorial op"]
[Site "Palic"]
[Date "2016.11.02"]
[Round "7"]
[White "Jovanovic, Milan B"]
[Black "Stanojevic, Branko"]
[Result "1-0"]
[WhiteElo "2057"]
[BlackElo "2221"]
[PlyCount "63"]
[EventDate "2016.10.29"]
[EventType "swiss"]
[EventRounds "9"]
[EventCountry "SRB"]
[SourceTitle "CBM 175 Extra"]
[Source "ChessBase"]
[SourceDate "2016.12.12"]
[SourceVersion "1"]
[SourceVersionDate "2016.12.12"]
[SourceQuality "1"]

1. d4 Nf6 2. Bg5 Ne4 3. Bh4 c5 4. f3 g5 5. fxe4 gxh4 6. e3 Qb6 7. b3 Nc6 8. c3 Bh6 9. Nd2 Qa5 10. b4 cxb4 11. Nc4 Qc7 12. Qh5 Bg7 13. Nf3 h6 14. Be2 b5 15. Qxb5 Rb8 16. Qh5 Ba6 17. 0-0 Nd8 18. cxb4 Rxb4 19. Rac1 Bxc4 20. Rc2 Qc6 21. Qg4 Kf8 22. d5 Qa4 23. Rxc4 Rxc4 24. Bxc4 h5 25. Qh3 Bh6 26. Ne5 d6 27. Ng6+ Kg7 28. Bb3 Qb5 29. Nxe7 Bg5 30. Nf5+ Kf8 31. Nxd6 Qb6 32. Qd7 1-0

[Event "Palic Karadzic Memorial op"]
[Site "Palic"]
[Date "2016.11.02"]
[Round "6"]
[White "Stanojevic, Branko"]
[Black "Ostojic, Nikola"]
[Result "0-1"]
[WhiteElo "2221"]
[BlackElo "2423"]
[PlyCount "92"]
[EventDate "2016.10.29"]
[EventType "swiss"]
[EventRounds "9"]
[EventCountry "SRB"]
[SourceTitle "CBM 175 Extra"]
[Source "ChessBase"]
[SourceDate "2016.12.12"]
[SourceVersion "1"]
[SourceVersionDate "2016.12.12"]
[SourceQuality "1"]

1. Nf3 g6 2. d4 Bg7 3. e4 d6 4. h3 Nd7 5. Nc3 a6 6. Bc4 e6 7. Bg5 Ne7 8. a4 b6 9. Qd2 h6 10. Bf4 Bb7 11. 0-0 Kf8 12. Rfe1 Kg8 13. Rad1 Kh7 14. Qe2 Rf8 15. Nh2 Nc6 16. Nf3 Ne7 17. g4 Qc8 18. Kh2 e5 19. dxe5 Nxe5 20. Bxe5 dxe5 21. Nd5 Nc6 22. c3 Re8 23. g5 Kh8 24. Qe3 Kh7 25. Rd3 Re6 26. Red1 Rd6 27. Nb4 Nxb4 28. cxb4 Rxd3 29. Qxd3 Qe8 30. Bd5 Rd8 31. Qb3 Bxd5 32. Rxd5 Rxd5 33. Qxd5 c6 34. Qd6 hxg5 35. Nxg5+ Kg8 36. Qc7 b5 37. axb5 axb5 38. Nf3 Qe6 39. Qd8+ Bf8 40. Qc7 Bxb4 41. Kg2 Qd6 42. Qc8+ Kg7 43. Qe8 Bc5 44. Nxe5 Qf6 45. Nd3 Bd4 46. b4 Qg5+ 0-1

[Event "Palic Karadzic Memorial op"]
[Site "Palic"]
[Date "2016.11.01"]
[Round "5"]
[White "Skenderovic, Nikola"]
[Black "Stanojevic, Branko"]
[Result "0-1"]
[WhiteElo "1918"]
[BlackElo "2221"]
[PlyCount "68"]
[EventDate "2016.10.29"]
[EventType "swiss"]
[EventRounds "9"]
[EventCountry "SRB"]
[SourceTitle "CBM 175 Extra"]
[Source "ChessBase"]
[SourceDate "2016.12.12"]
[SourceVersion "1"]
[SourceVersionDate "2016.12.12"]
[SourceQuality "1"]

1. e4 e6 2. Nf3 c5 3. d3 d6 4. g3 g6 5. Bg2 Bg7 6. 0-0 Nc6 7. c3 Nge7 8. Be3 0-0 9. Qd2 Re8 10. a4 b6 11. Na3 Na5 12. Qc2 Ba6 13. Nb5 Qd7 14. e5 dxe5 15. b4 cxb4 16. cxb4 Rac8 17. Qd2 Nb3 18. Qa2 Nxa1 19. Qxa1 Bxb5 20. axb5 Qxb5 21. Qxa7 Nd5 22. Ng5 Re7 23. Qa1 Nxe3 24. fxe3 Qxd3 25. Ne4 f5 26. Nf2 Qxe3 27. Re1 Qd4 28. Qa6 Rc2 29. Re2 Rxe2 30. Qxe2 e4 31. Qc2 e3 32. Nd3 e2+ 33. Kh1 Qxd3 34. Qxd3 e1Q+ 0-1

[Event "Senta op 20th"]
[Site "Senta"]
[Date "2016.07.27"]
[Round "7"]
[White "Stanojevic, Branko"]
[Black "Vranic, Ljubomir"]
[Result "1/2-1/2"]
[WhiteElo "2226"]
[BlackElo "2152"]
[PlyCount "164"]
[EventDate "2016.07.22"]
[EventType "swiss"]
[EventRounds "9"]
[EventCountry "SRB"]
[SourceTitle "EXT 2017"]
[Source "ChessBase"]
[SourceDate "2016.10.25"]
[SourceVersion "1"]
[SourceVersionDate "2016.10.25"]
[SourceQuality "1"]

1. Nf3 d5 2. g3 Nf6 3. Bg2 Bf5 4. c4 c6 5. b3 e6 6. Bb2 h6 7. d3 Nbd7 8. Nbd2 a5 9. a3 Bc5 10. 0-0 0-0 11. Qc2 Bh7 12. Bc3 Qb6 13. Qb2 e5 14. cxd5 cxd5 15. d4 exd4 16. Nxd4 Rfe8 17. b4 axb4 18. axb4 Bf8 19. Qb3 Ne4 20. Bxe4 dxe4 21. Nc4 Qg6 22. Ne3 Qh5 23. Ra5 Rxa5 24. bxa5 Nc5 25. Qb5 Rc8 26. Rc1 Qh3 27. g4 Bd6 28. Nf1 Qxg4+ 29. Kh1 Qd7 30. Bb4 Qxb5 31. Nxb5 Bf8 32. Ne3 Rc6 33. Na7 Nb3 34. Rxc6 bxc6 35. Bxf8 Kxf8 36. Nxc6 Nc5 37. Nb4 Na4 38. a6 Nb6 39. a7 Na8 40. Nbd5 f5 41. Nc4 Bg8 42. Ndb6 Nc7 43. Na5 Ke7 44. a8Q Nxa8 45. Nxa8 Kd6 46. Nb6 Be6 47. Nbc4+ Kc5 48. Ne5 Bd5 49. e3 Kb5 50. h4 g5 51. Nb7 Bxb7 52. Nf7 Bd5 53. Nxh6 gxh4 54. Nxf5 h3 55. Kh2 Kc4 56. Kxh3 Be6 57. Kg4 Kd3 58. Kf4 Bd7 59. Nd6 Bc6 60. Nf7 Bd5 61. Ng5 Bc6 62. Kg3 Bd5 63. Kg2 Ke2 64. Nh3 Bc6 65. Ng5 Bd5 66. Kg3 Kd3 67. Nh3 Bc6 68. Kf4 Ke2 69. Ke5 Kf3 70. Kd4 Kg4 71. Ng1 Bb7 72. Ke5 Ba8 73. Kd4 Bb7 74. Ne2 Kf3 75. Ng3 Bc6 76. Ke5 Bb7 77. Kf5 Bc8+ 78. Kg5 Bb7 79. Kf5 Bc8+ 80. Ke5 Bb7 81. Kd4 Bc6 82. Nxe4 Bxe4 1/2-1/2

[Event "Senta op 20th"]
[Site "Senta"]
[Date "2016.07.24"]
[Round "4"]
[White "Farkas, Sandor I"]
[Black "Stanojevic, Branko"]
[Result "1/2-1/2"]
[WhiteElo "1957"]
[BlackElo "2226"]
[PlyCount "37"]
[EventDate "2016.07.22"]
[EventType "swiss"]
[EventRounds "9"]
[EventCountry "SRB"]
[SourceTitle "EXT 2017"]
[Source "ChessBase"]
[SourceDate "2016.10.25"]
[SourceVersion "1"]
[SourceVersionDate "2016.10.25"]
[SourceQuality "1"]

1. e4 e6 2. d4 d5 3. Nd2 c5 4. exd5 Qxd5 5. Ngf3 cxd4 6. Bc4 Qc5 7. 0-0 Nc6 8. Qe2 Nf6 9. Nb3 Qb6 10. Bg5 Bd7 11. a4 Rc8 12. Rfd1 Be7 13. Nfxd4 a6 14. c3 Qc7 15. Bd3 Nd5 16. Bxe7 Ncxe7 17. Qe4 f5 18. Qe1 Nf4 19. Nf3 1/2-1/2

[Event "Senta op 20th"]
[Site "Senta"]
[Date "2016.07.23"]
[Round "3"]
[White "Stanojevic, Branko"]
[Black "Nestorovic, Lazar"]
[Result "0-1"]
[WhiteElo "2226"]
[BlackElo "2340"]
[PlyCount "96"]
[EventDate "2016.07.22"]
[EventType "swiss"]
[EventRounds "9"]
[EventCountry "SRB"]
[SourceTitle "EXT 2017"]
[Source "ChessBase"]
[SourceDate "2016.10.25"]
[SourceVersion "1"]
[SourceVersionDate "2016.10.25"]
[SourceQuality "1"]

1. d4 Nf6 2. Nf3 e6 3. g3 b6 4. Bg2 Bb7 5. 0-0 Be7 6. c4 0-0 7. Nc3 Ne4 8. Bd2 Nxd2 9. Qxd2 d6 10. Rad1 Nd7 11. Qc2 g6 12. h4 Bf6 13. h5 gxh5 14. Ne1 Bxg2 15. Kxg2 Bg7 16. Rh1 f5 17. Rxh5 Qe8 18. Rh3 e5 19. dxe5 dxe5 20. g4 e4 21. gxf5 Nf6 22. Rh4 e3 23. Nf3 exf2 24. Nd5 Qf7 25. e4 Rae8 26. Rdh1 Nxe4 27. Qxe4 Rxe4 28. Rxe4 Bf6 29. Kxf2 c6 30. Rg4+ Kh8 31. Nf4 Qc7 32. Ng6+ Kg8 33. Nxf8+ Kxf8 34. Re4 Qd6 35. Rxh7 Qc5+ 36. Re3 Qxf5 37. Rxa7 Bd4 38. Ke2 Qc2+ 39. Nd2 Bxe3 40. Kxe3 Qxb2 41. Kd3 Qb4 42. a4 Ke8 43. Ne4 Kd8 44. Nc3 Kc8 45. Rg7 Kb8 46. Rg4 Kb7 47. Kc2 Ka6 48. Re4 Ka5 0-1

[Event "Vojvodina-chT"]
[Site "Novi Sad"]
[Date "2015.11.14"]
[Round "6.3"]
[White "Leskur, Dejan"]
[Black "Stanojevic, Branko"]
[Result "1-0"]
[WhiteElo "2376"]
[BlackElo "2229"]
[PlyCount "61"]
[EventDate "2015.11.10"]
[EventType "team-tourn"]
[EventRounds "9"]
[EventCountry "SRB"]
[SourceTitle "CBM 169 Extra"]
[Source "ChessBase"]
[SourceDate "2015.12.18"]
[SourceVersion "1"]
[SourceVersionDate "2015.12.18"]
[SourceQuality "1"]
[WhiteTeam "Elemir Naftagas"]
[BlackTeam "Stara Pazova"]
[WhiteTeamCountry "SRB"]
[BlackTeamCountry "SRB"]

1. Nf3 Nf6 2. b3 c5 3. Bb2 e6 4. e3 b6 5. d4 Bb7 6. Bd3 Be7 7. 0-0 0-0 8. c4 cxd4 9. exd4 d5 10. Nbd2 Nbd7 11. Qe2 a5 12. a3 a4 13. b4 dxc4 14. Nxc4 Nd5 15. g3 Ba6 16. Rac1 Bf6 17. Nfe5 Nxe5 18. dxe5 Be7 19. Qe4 g6 20. h4 Qd7 21. Rfd1 Rfd8 22. h5 Bb7 23. hxg6 hxg6 24. Qg4 Bf8 25. Be4 Bh6 26. Nxb6 Qe7 27. Nxa8 Bxc1 28. Bxc1 Rxa8 29. Bg5 Qc7 30. Bf6 Qc4 31. Rxd5 1-0

[Event "Vojvodina-chT"]
[Site "Novi Sad"]
[Date "2015.11.13"]
[Round "4.3"]
[White "Stanojevic, Branko"]
[Black "Mik, Aurel"]
[Result "1/2-1/2"]
[WhiteElo "2229"]
[BlackElo "2062"]
[PlyCount "84"]
[EventDate "2015.11.10"]
[EventType "team-tourn"]
[EventRounds "9"]
[EventCountry "SRB"]
[SourceTitle "CBM 169 Extra"]
[Source "ChessBase"]
[SourceDate "2015.12.18"]
[SourceVersion "1"]
[SourceVersionDate "2015.12.18"]
[SourceQuality "1"]
[WhiteTeam "Stara Pazova"]
[BlackTeam "Novo Selo Bora Ivkov"]
[WhiteTeamCountry "SRB"]
[BlackTeamCountry "SRB"]

1. d4 Nf6 2. g3 d5 3. Bg2 c6 4. Nf3 Bf5 5. Nbd2 e6 6. Nh4 Bg4 7. h3 Bh5 8. g4 Nfd7 9. Nhf3 Bg6 10. c4 Bb4 11. Qb3 Bxd2+ 12. Bxd2 Qb6 13. Qa3 dxc4 14. Rc1 Qa6 15. Qd6 Be4 16. 0-0 c5 17. dxc5 Qxd6 18. cxd6 Nb6 19. Ne5 Bxg2 20. Kxg2 Nc6 21. Nxc4 Nxc4 22. Rxc4 Kd7 23. Bc3 f6 24. Rd1 Rac8 25. f4 Rhe8 26. e4 e5 27. f5 Nb8 28. Rb4 b6 29. Rb5 Rc4 30. Kf3 Rec8 31. g5 Na6 32. gxf6 gxf6 33. Rg1 Kxd6 34. Rd5+ Kc6 35. Rgd1 Kb7 36. Rd7+ R8c7 37. R1d6 Nc5 38. Rxc7+ Kxc7 39. Rxf6 Rxe4 40. b4 Rf4+ 41. Ke3 Re4+ 42. Kf3 Rf4+ 1/2-1/2

[Event "Vojvodina-chT"]
[Site "Novi Sad"]
[Date "2015.11.11"]
[Round "2.3"]
[White "Stanojevic, Branko"]
[Black "Sekulic, Dusan"]
[Result "1-0"]
[WhiteElo "2229"]
[BlackElo "2259"]
[PlyCount "105"]
[EventDate "2015.11.10"]
[EventType "team-tourn"]
[EventRounds "9"]
[EventCountry "SRB"]
[SourceTitle "CBM 169 Extra"]
[Source "ChessBase"]
[SourceDate "2015.12.18"]
[SourceVersion "1"]
[SourceVersionDate "2015.12.18"]
[SourceQuality "1"]
[WhiteTeam "Stara Pazova"]
[BlackTeam "Banovci Dunav"]
[WhiteTeamCountry "SRB"]
[BlackTeamCountry "SRB"]

1. d4 Nf6 2. c4 c5 3. Nf3 cxd4 4. Nxd4 e5 5. Nb5 d5 6. cxd5 Bc5 7. N5c3 0-0 8. e3 Re8 9. a3 a6 10. b4 Ba7 11. Be2 e4 12. Nd2 Bf5 13. Nf1 Bg6 14. Ng3 Nbd7 15. 0-0 Rc8 16. Bb2 Ne5 17. Qb3 h5 18. Rfd1 Nd3 19. d6 Nxb2 20. Qxb2 Re5 21. Rd2 h4 22. Nf1 Qd7 23. Rad1 Qe6 24. Na4 b5 25. d7 Rd8 26. Rd6 Qe7 27. Rxa6 Bb8 28. Nc5 Bh5 29. Ra8 Bxe2 30. Qxe2 Rg5 31. Nb7 Rxd7 32. Rxb8+ Kh7 33. Nc5 Ra7 34. Qxb5 Rxa3 35. Rb7 Qe5 36. Qe2 Nd5 37. Rd4 f5 38. Qb2 Ra8 39. Qb3 Nf6 40. Qe6 Ng4 41. Qxe5 Nxe5 42. Rd1 Ra2 43. Ne6 Rg6 44. Nf8+ Kh6 45. Nxg6 Kxg6 46. h3 Nd3 47. Rxd3 exd3 48. Rd7 Rb2 49. Rxd3 Kf6 50. Rd4 g5 51. g3 hxg3 52. Nxg3 Ke6 53. Rc4 1-0